German Words for Numbers (20-30) - Statistics

General Stats
  • This quiz has been taken 28 times
  • The average score is 8 of 11
Answer Stats
# English Answer % Correct
20 Twenty Zwanzig
100%
28 Twentyeight Achtundzwanzig
76%
23 Twentythree Dreiundzwanzig
76%
21 Twentyone Einundzwanzig
76%
25 Twentyfive Fünfundzwanzig
76%
29 Twentynine Neunundzwanzig
76%
26 Twentysix Sechsundzwanzig
76%
27 Twentyseven Siebenundzwanzig
76%
22 Twentytwo Zweiundzwanzig
76%
24 Twentyfour Vierundzwanzig
71%
30 Thirty Dreißig
57%
No matching quizzes found
Score Distribution
Percent of People with Each Score
Percentile by Number Answered
Your Score History
You have not taken this quiz